Modern physics / (Record no. 64524)

000 -LEADER
fixed length control field 01127cam a22003014a 4500
001 - CONTROL NUMBER
control field 11874046
003 - CONTROL NUMBER IDENTIFIER
control field NUST - PNEC
005 - DATE AND TIME OF LATEST TRANSACTION
control field 20170116180848.0
008 - FIXED-LENGTH DATA ELEMENTS--GENERAL INFORMATION
fixed length control field 991221s2000 njua b 001 0 eng
010 ## - LIBRARY OF CONGRESS CONTROL NUMBER
LC control number 99086230
020 ## - INTERNATIONAL STANDARD BOOK NUMBER
International Standard Book Number 8129701421
020 ## - INTERNATIONAL STANDARD BOOK NUMBER
International Standard Book Number 0139553118
040 ## - CATALOGING SOURCE
Original cataloging agency DLC
Transcribing agency LIBRARY
Modifying agency DLC
042 ## - AUTHENTICATION CODE
Authentication code pcc
050 00 - LIBRARY OF CONGRESS CALL NUMBER
Classification number QC21.2
Item number .B478 2000
082 00 - DEWEY DECIMAL CLASSIFICATION NUMBER
Classification number 539 BER
100 1# - MAIN ENTRY--PERSONAL NAME
Personal name Bernstein, Jeremy,
Dates associated with a name 1929-.
245 10 - TITLE STATEMENT
Title Modern physics /
Statement of responsibility, etc. Jeremy Bernstein, Paul M. Fishbane, Stephen Gasiorowicz.
260 ## - PUBLICATION, DISTRIBUTION, ETC.
Place of publication, distribution, etc. Upper Saddle River, NJ./New Delhi:
Name of publisher, distributor, etc. Prentice Hill/Pearson Education,
Date of publication, distribution, etc. c2000.
300 ## - PHYSICAL DESCRIPTION
Extent xix, 602 p. :
Other physical details ill. (some col.) ;
Dimensions 26 cm.
504 ## - BIBLIOGRAPHY, ETC. NOTE
Bibliography, etc. note Includes bibliographical references (p. 587-589) and index.
650 #0 - SUBJECT ADDED ENTRY--TOPICAL TERM
Topical term or geographic name entry element Physics.
General subdivision ME
700 1# - ADDED ENTRY--PERSONAL NAME
Personal name Fishbane, Paul M.
700 1# - ADDED ENTRY--PERSONAL NAME
Personal name Gasiorowicz, Stephen.
906 ## - LOCAL DATA ELEMENT F, LDF (RLIN)
a 7
b cbc
c orignew
d 1
e ocip
f 19
g y-gencatlg
942 ## - ADDED ENTRY ELEMENTS (KOHA)
Source of classification or shelving scheme
Koha item type Book
Holdings
Withdrawn status Lost status Source of classification or shelving scheme Damaged status Not for loan Permanent Location Current Location Shelving location Date acquired Total Checkouts Full call number Barcode Date last seen Price effective from Koha item type
          Pakistan Navy Engineering College (PNEC) Pakistan Navy Engineering College (PNEC)       539 BER PNECLIB-027285 08/24/2015   Book
© 2023 Central Library, National University of Sciences and Technology. All Rights Reserved.